Trouvez le pays mystère avec des indices de couleur #1 - Statistiques

Statistiques générales
  • Ce quiz a été pris 154 412 fois
    154 143 depuis la dernière actualisation
  • Le résultat moyen est 33 sur 196
Réponses sur la Carte
Les réponses sont colorées sur une échelle allant du rouge au vert en fonction du pourcentage des utilisateurs qui les ont devinées à leur premier essai. Vous pouvez retrouver ces pourcentages ci-dessous.
 
Statistiques - réponses
Pays % Correct
France
93%
Russie
60%
Allemagne
59%
Espagne
49%
Suisse
48%
Italie
44%
Pologne
44%
États-Unis
43%
Autriche
38%
Belgique
34%
Chine
34%
Royaume-Uni
31%
Suède
31%
Brésil
30%
Grèce
30%
Danemark
28%
Algérie
27%
Canada
27%
Hongrie
26%
Maroc
26%
Norvège
26%
Pays-Bas
26%
République Tchèque
25%
Croatie
24%
Portugal
24%
Australie
23%
Ukraine
23%
Islande
22%
Finlande
21%
Luxembourg
21%
Roumanie
21%
Inde
20%
Irlande
20%
Serbie
20%
Turquie
20%
Afrique du Sud
19%
Japon
19%
Mexique
19%
Slovaquie
19%
Albanie
18%
Égypte
18%
République Démocratique du Congo
18%
Argentine
17%
Bosnie-Herzégovine
17%
Estonie
17%
Liechtenstein
17%
Malte
17%
République du Congo
17%
Bulgarie
16%
Kosovo
16%
Tunisie
16%
Vatican
16%
Biélorussie
15%
Chili
15%
Chypre
15%
Iran
15%
Lettonie
15%
Lituanie
15%
Macédoine du Nord
15%
Mali
15%
Monaco
15%
Monténégro
15%
Saint-Marin
15%
Andorre
14%
Arabie Saoudite
14%
Bolivie
14%
Colombie
14%
Cuba
14%
Indonésie
14%
Irak
14%
Libye
14%
Moldavie
14%
Mongolie
14%
Niger
14%
Nouvelle-Zélande
14%
Pérou
14%
Sénégal
14%
Afghanistan
13%
Angola
13%
Arménie
13%
Belize
13%
Bénin
13%
Botswana
13%
Cameroun
13%
Cap-Vert
13%
Corée du Nord
13%
Corée du Sud
13%
Costa Rica
13%
Côte d'Ivoire
13%
Émirats Arabes Unis
13%
Équateur
13%
Éthiopie
13%
Fidji
13%
Gabon
13%
Géorgie
13%
Ghana
13%
Guatemala
13%
Guinée
13%
Guyana
13%
Haïti
13%
Honduras
13%
Israël
13%
Jamaïque
13%
Jordanie
13%
Kazakhstan
13%
Kenya
13%
Kiribati
13%
Laos
13%
Lesotho
13%
Liban
13%
Madagascar
13%
Malaisie
13%
Mauritanie
13%
Namibie
13%
Népal
13%
Nicaragua
13%
Nigeria
13%
Oman
13%
Pakistan
13%
Panama
13%
Paraguay
13%
Philippines
13%
Qatar
13%
République Centrafricaine
13%
Somalie
13%
Soudan
13%
Suriname
13%
Syrie
13%
Tanzanie
13%
Tchad
13%
Thaïlande
13%
Togo
13%
Uruguay
13%
Venezuela
13%
Viêt Nam
13%
Yémen
13%
Antigua-et-Barbuda
12%
Azerbaïdjan
12%
Bahamas
12%
Bahreïn
12%
Bangladesh
12%
Barbade
12%
Bhoutan
12%
Birmanie
12%
Brunei
12%
Burkina Faso
12%
Burundi
12%
Cambodge
12%
Comores
12%
Djibouti
12%
Dominique
12%
Érythrée
12%
Eswatini
12%
États Fédérés de Micronésie
12%
Gambie
12%
Grenade
12%
Guinée-Bissau
12%
Guinée Équatoriale
12%
Îles Marshall
12%
Îles Salomon
12%
Kirghizistan
12%
Koweït
12%
Liberia
12%
Malawi
12%
Maldives
12%
Maurice
12%
Mozambique
12%
Nauru
12%
Ouganda
12%
Ouzbékistan
12%
Palaos
12%
Papouasie-Nouvelle-Guinée
12%
Pays Mystère
12%
République Dominicaine
12%
Rwanda
12%
Saint-Christophe-et-Niévès
12%
Sainte-Lucie
12%
Saint-Vincent-et-les-Grenadines
12%
Salvador
12%
Samoa
12%
Sao Tomé-et-Principe
12%
Seychelles
12%
Sierra Leone
12%
Singapour
12%
Soudan du Sud
12%
Sri Lanka
12%
Tadjikistan
12%
Taïwan
12%
Timor Oriental
12%
Tonga
12%
Trinité-et-Tobago
12%
Turkménistan
12%
Tuvalu
12%
Vanuatu
12%
Zambie
12%
Zimbabwe
12%
Aucun quiz correspondant
Distribution des résultats
% des personnes avec chaque résultat
Percentile par nombre de réponses
Votre historique - résultats
Vous n’avez pas pris ce quiz depuis la dernière actualisation